| 000 | 00827nam a22003017a 4500 | ||
|---|---|---|---|
| 001 | BR7404034 | ||
| 003 | BR-BrBNA | ||
| 005 | 20230928084558.0 | ||
| 007 | ta | ||
| 008 | 230509b bl.||||| |||| 00| 0 por d | ||
| 040 |
_aBR-BrBNA _bpor _cBiblioteca Nacional de Agricultura |
||
| 041 | _a(Por) | ||
| 072 |
_aL00; F00 _b0945 _b7600 _b/G514 |
||
| 090 | _ 0945 BR7404034 | ||
| 100 | 1 | _aFadel, A. | |
| 100 | 1 | _aCury, B. | |
| 110 | 1 |
_aSecretaria da Agricultura, Curitiba, PR (Brasil). Depto. de Economia Rural _98370 |
|
| 245 | 1 | _aSericultura no Parana [Amora; Cultura; Brasil] | |
| 260 | 3 |
_aCuritiba, PR (Brasil): _c1973. |
|
| 300 | _a29 p. | ||
| 500 | _a6 ref. | ||
| 650 | _aAMORA | ||
| 650 | _aBICHO DA SEDA | ||
| 650 | _aSERICICULTURA | ||
| 650 | _aPARANA | ||
| 909 |
_a202309 _bLucia _c55 _dLucia Elande |
||
| 942 | _cBK | ||
| 999 |
_c19878 _d19878 |
||